[Event "The USA Championship 2019"]
[Site "Saint Louis USA"]
[Date "2019.03.22"]
[Round "3"]
[White "Shankland, S."]
[Black "Xiong, Jeffery"]
[Result "0-1"]
[WhiteElo "2731"]
[BlackElo "2663"]
[PlyCount "82"]
[EventDate "2019.03.18"]

1. e4 e5 2. Nf3 Nc6 3. d4 exd4 4. Nxd4 Qf6 5. Nb3 Qg6 6. f3 Nf6 7. Bf4 Bb4+ 8.
Kf2 O-O 9. a3 Be7 10. Bd3 Nh5 11. Bxc7 d6 12. e5 Bh4+ 13. Kf1 Qh6 14. exd6 Re8
15. Nc3 Ne5 16. Nc5 Nxf3 17. N3e4 Bg4 18. d7 Re5 19. Bxe5 Nxe5 20. Qd2 Qc6 21.
h3 Bxd7 22. Nxd7 Nxd7 23. Qc3 Qh6 24. g4 f5 25. gxf5 Re8 26. Qc4+ Kh8 27. Rg1
Qe3 28. Rg2 Nf4 29. Rh2 Nxh3 30. Kg2 Nf4+ 31. Kh1 Qf3+ 32. Kg1 Qg4+ 33. Kh1
Qf3+ 34. Kg1 Bd8 35. Rf1 Bb6+ 36. Nf2 Qg3+ 37. Kh1 Qf3+ 38. Kg1 Nh3+ 39. Rxh3
Qxh3 40. Qf4 Nf6 41. Bb5 Re4 0-1

[Event "The USA Championship 2019"]
[Site "Saint Louis USA"]
[Date "2019.03.22"]
[Round "3"]
[White "Liang, Awonder"]
[Black "Caruana, F."]
[Result "1/2-1/2"]
[WhiteElo "2590"]
[BlackElo "2828"]
[PlyCount "68"]
[EventDate "2019.03.18"]

1. e4 c5 2. c3 Nf6 3. e5 Nd5 4. Nf3 e6 5. d4 cxd4 6. cxd4 d6 7. Bc4 Nb6 8. Bd3
Nc6 9. O-O Nb4 10. Bg5 Be7 11. Bxe7 Qxe7 12. Nc3 dxe5 13. dxe5 Nxd3 14. Qxd3
Bd7 15. Ne4 O-O 16. Nd4 Rad8 17. Rad1 Bc6 18. Nxc6 bxc6 19. Nd6 Nd5 20. Qc2 f6
21. Qxc6 fxe5 22. Ne4 Rc8 23. Qa4 Rb8 24. Nc3 Rxb2 25. Nxd5 exd5 26. Rxd5 Qf7
27. Rd7 Rxa2 28. Qb5 a6 29. Qb1 Qxd7 30. Qxa2+ Qf7 31. Qxa6 h6 32. Qe2 Qf5 33.
Qe3 Qf4 34. Qxf4 exf4 1/2-1/2

[Event "The USA Championship 2019"]
[Site "Saint Louis USA"]
[Date "2019.03.22"]
[Round "3"]
[White "Robson, R."]
[Black "Dominguez Perez, L."]
[Result "0-1"]
[WhiteElo "2667"]
[BlackElo "2739"]
[PlyCount "102"]
[EventDate "2019.03.18"]

1. e4 e5 2. Nf3 Nc6 3. Bb5 Nf6 4. d3 Bc5 5. Bxc6 dxc6 6. Nbd2 Be6 7. O-O Bd6 8.
Nb3 Qe7 9. Na5 O-O-O 10. Bd2 Bg4 11. Rb1 Nd7 12. Nc4 Qf6 13. b4 Nf8 14. h3 Bxf3
15. Qxf3 Qxf3 16. gxf3 Ne6 17. Be3 Rhf8 18. c3 f5 19. Rfd1 Rf6 20. d4 exd4 21.
cxd4 fxe4 22. Nxd6+ cxd6 23. fxe4 d5 24. e5 Rf5 25. b5 c5 26. dxc5 d4 27. Bd2
Nxc5 28. b6 axb6 29. Rxb6 Rxe5 30. Rc1 Rdd5 31. Rb5 Kd7 32. Ba5 d3 33. Kf1 d2
34. Bxd2 Rxd2 35. Rcxc5 Rxc5 36. Rxc5 Rxa2 37. Rh5 h6 38. Rf5 Kc6 39. Rf7 b5
40. Rxg7 b4 41. Rg3 Kb5 42. Kg2 Ra3 43. Rg8 Ra6 44. Kf3 b3 45. Rg1 Kb4 46. Ke4
b2 47. Rb1 Kc3 48. f4 Ra1 49. Rxb2 Kxb2 50. f5 Rf1 51. Ke5 Rh1 0-1

[Event "The USA Championship 2019"]
[Site "Saint Louis USA"]
[Date "2019.03.22"]
[Round "3"]
[White "Gareev, T."]
[Black "Lenderman, A."]
[Result "1/2-1/2"]
[WhiteElo "2557"]
[BlackElo "2637"]
[PlyCount "151"]
[EventDate "2019.03.18"]

1. d4 e6 2. c4 Nf6 3. Nc3 Bb4 4. e3 O-O 5. Bd2 c5 6. Bd3 cxd4 7. exd4 d5 8.
cxd5 exd5 9. Nge2 Nc6 10. O-O Bd6 11. h3 h6 12. Rc1 Re8 13. Be3 a6 14. a3 Bc7
15. Re1 Nh5 16. Qd2 Qd6 17. Nf4 Nf6 18. g3 Bd7 19. Bf1 Bf5 20. Nd3 Bb6 21. Nc5
Bxc5 22. dxc5 Qd7 23. Bd4 Ne4 24. Nxe4 dxe4 25. Bc3 Bxh3 26. Qxd7 Bxd7 27. Bg2
Bf5 28. Rcd1 Re7 29. Rd5 Bg6 30. Bh3 f6 31. b4 Na7 32. a4 Be8 33. Ra1 e3 34.
Rd3 exf2+ 35. Kxf2 Bc6 36. Bg4 Rf8 37. Bf5 Kf7 38. Rd6 Rfe8 39. Bg4 Kg6 40. Bd2
Re5 41. Ra3 Nc8 42. Rd4 Ne7 43. Bd1 Nf5 44. Rg4+ Kh7 45. Rd3 h5 46. Rc4 Nh6 47.
Rcd4 Ng4+ 48. Bxg4 hxg4 49. Re3 Rf5+ 50. Ke1 Rxe3+ 51. Bxe3 Rf3 52. Bf2 f5 53.
b5 axb5 54. axb5 Bxb5 55. Rf4 Rxf4 56. gxf4 Kg6 57. Bg3 Kf6 58. Bh4+ Ke6 59.
Kf2 Kd5 60. Be7 g5 61. Kg3 gxf4+ 62. Kxf4 Bd7 63. Bf8 Bc8 64. Be7 Ke6 65. Bf8
Bd7 66. Bh6 Bc6 67. Bf8 Be4 68. Bh6 Kd5 69. Bf8 Kd4 70. Bd6 Kd3 71. Kg3 Bc6 72.
Bf8 Ke4 73. Bd6 Bd7 74. Bf4 Kd4 75. Bd6 Kd5 76. Bf8 1/2-1/2

[Event "The USA Championship 2019"]
[Site "Saint Louis USA"]
[Date "2019.03.23"]
[Round "4"]
[White "Xiong, Jeffery"]
[Black "Robson, Ray"]
[Result "0-1"]
[WhiteElo "2663"]
[BlackElo "2667"]
[PlyCount "90"]
[EventDate "2019.03.20"]

1. e4 e5 2. Nf3 Nc6 3. Bb5 Nf6 4. O-O Nxe4 5. d4 Nd6 6. dxe5 Nxb5 7. a4 Nbd4 8.
Nxd4 Nxd4 9. Qxd4 d5 10. Qd3 g6 11. Nc3 c6 12. Be3 Bf5 13. Qd2 Qa5 14. Rfe1
O-O-O 15. e6 Bxe6 16. Bg5 Rd7 17. Bf6 Rg8 18. Qe3 Bb4 19. Red1 Bf5 20. Nb5 Bxc2
21. Rdc1 Bf5 22. Nxa7+ Kb8 23. Nb5 Ka8 24. Bc3 Bxc3 25. bxc3 Be6 26. Re1 Re8
27. h3 h5 28. Kh2 Rde7 29. Qc5 Kb8 30. Qd6+ Kc8 31. Qc5 Kd8 32. g3 cxb5 33.
axb5 Qc7 34. Qd4 Kd7 35. Ra4 Rc8 36. c4 Qc5 37. cxd5 Bf5 38. Rxe7+ Kxe7 39.
Qe5+ Kd7 40. Rf4 Qd6 41. Qxd6+ Kxd6 42. g4 Ke5 43. Rf3 hxg4 44. hxg4 Bxg4 45.
Rxf7 Rb8 0-1

[Event "The USA Championship 2019"]
[Site "Saint Louis USA"]
[Date "2019.03.23"]
[Round "4"]
[White "Caruana, Fabiano"]
[Black "Dominguez Perez, Leinier"]
[Result "1/2-1/2"]
[WhiteElo "2828"]
[BlackElo "2739"]
[PlyCount "170"]
[EventDate "2019.03.20"]

1. d4 Nf6 2. c4 e6 3. g3 d5 4. Bg2 Be7 5. Nf3 O-O 6. O-O dxc4 7. Qa4 a6 8. Qxc4
b5 9. Qc2 Bb7 10. Bd2 Be4 11. Qc1 c6 12. a4 Nbd7 13. Nc3 Bg6 14. Nh4 Bh5 15. h3
Nd5 16. axb5 axb5 17. Rxa8 Qxa8 18. e4 Nb4 19. Bg5 Qd8 20. Bxe7 Qxe7 21. Qe3
Rd8 22. Rc1 Nf8 23. Bf3 Bxf3 24. Nxf3 Nd7 25. Kg2 h6 26. h4 Nb6 27. b3 Nd7 28.
Rd1 Ra8 29. Qe2 Nf6 30. Ne5 Nd7 31. Ng4 Nf6 32. Ne3 Ra3 33. e5 Nd7 34. Ne4 Nb6
35. Qh5 Rxb3 36. Ng4 N4d5 37. Ra1 Ra3 38. Nxh6+ gxh6 39. Nf6+ Nxf6 40. exf6
Rxg3+ 41. fxg3 Qxf6 42. Qg4+ Kh8 43. Ra6 Qd8 44. Ra7 Qf8 45. Qf3 Kg8 46. Qxc6
Qd8 47. Kh2 Qf6 48. Qe4 Qf2+ 49. Kh3 Qf1+ 50. Qg2 Qf5+ 51. g4 Qd3+ 52. Qg3 Qxd4
53. g5 h5 54. g6 Nd7 55. Ra8+ Kg7 56. gxf7+ Kxf7 57. Qg8+ Ke7 58. Re8+ Kd6 59.
Rxe6+ Kc5 60. Qg5+ Kb4 61. Qxh5 Nc5 62. Re7 Nd3 63. Qf3 Kc3 64. h5 b4 65. h6 b3
66. h7 b2 67. Rb7 Kd2 68. Qg2+ Kc1 69. Rc7+ Kb1 70. Qh1+ Nc1 71. Qa8 Qe3+ 72.
Kg4 Qe6+ 73. Kf3 Qe2+ 74. Kg3 Qe5+ 75. Kh3 Qh5+ 76. Kg2 Qe2+ 77. Kh1 Qh5+ 78.
Kg1 Qd1+ 79. Kh2 Qh5+ 80. Kg3 Qe5+ 81. Kg4 Qe6+ 82. Kh5 Qf5+ 83. Kh4 Qf4+ 84.
Kh5 Qf5+ 85. Kh4 Qf4+ 1/2-1/2

[Event "The USA Championship 2019"]
[Site "Saint Louis USA"]
[Date "2019.03.23"]
[Round "4"]
[White "So, Wesley"]
[Black "Shankland, Samuel"]
[Result "1/2-1/2"]
[WhiteElo "2762"]
[BlackElo "2731"]
[PlyCount "62"]
[EventDate "2019.03.20"]

1. e4 c6 2. d4 d5 3. e5 Bf5 4. Nf3 e6 5. Be2 c5 6. Be3 cxd4 7. Nxd4 Ne7 8. Nd2
Nbc6 9. N2f3 Bg4 10. O-O Bxf3 11. Nxf3 Qc7 12. c4 dxc4 13. Bxc4 Nf5 14. Bf4 Be7
15. Bd3 O-O 16. Be4 Rfd8 17. Qc2 g6 18. Rfd1 Qb6 19. Bxc6 bxc6 20. Rac1 Rxd1+
21. Rxd1 Rd8 22. b3 Bc5 23. Rxd8+ Qxd8 24. h3 Qd5 25. Qe2 Nd4 26. Nxd4 Bxd4 27.
Kh2 h5 28. Bg3 Kg7 29. Bf4 Qc5 30. Bg3 Qd5 31. Bf4 Qc5 1/2-1/2

[Event "The USA Championship 2019"]
[Site "Saint Louis USA"]
[Date "2019.03.23"]
[Round "4"]
[White "Liang, Awonder"]
[Black "Nakamura, Hikaru"]
[Result "1/2-1/2"]
[WhiteElo "2590"]
[BlackElo "2746"]
[PlyCount "62"]
[EventDate "2019.03.20"]

1. e4 e5 2. Nf3 Nc6 3. Bc4 Bc5 4. c3 Nf6 5. d4 exd4 6. e5 d5 7. Bb5 Ne4 8. cxd4
Bb6 9. Nc3 O-O 10. Be3 Bg4 11. h3 Bh5 12. Qc2 Bg6 13. Qb3 Ne7 14. O-O c6 15.
Bd3 Nd2 16. Nxd2 Bxd3 17. Rfe1 Bg6 18. Nf3 Nf5 19. Na4 f6 20. Nxb6 Qxb6 21. Qc3
Rae8 22. Bf4 fxe5 23. Bxe5 Qd8 24. Re2 Rf7 25. Rae1 Rfe7 26. Qd2 Nh6 27. Bf4
Nf7 28. Rxe7 Rxe7 29. Ne5 Nxe5 30. Bxe5 Qd7 31. Re3 h6 1/2-1/2

[Event "The USA Championship 2019"]
[Site "Saint Louis USA"]
[Date "2019.03.23"]
[Round "4"]
[White "Lenderman, Aleksandr"]
[Black "Akobian, Varuzhan"]
[Result "1/2-1/2"]
[WhiteElo "2637"]
[BlackElo "2625"]
[PlyCount "75"]
[EventDate "2019.03.20"]

1. d4 Nf6 2. c4 e6 3. Nf3 d5 4. Nc3 Be7 5. Bf4 O-O 6. e3 Nbd7 7. Be2 dxc4 8.
O-O c5 9. dxc5 Nxc5 10. Qc2 a6 11. Rfd1 Qe8 12. Bxc4 b5 13. Be2 Bb7 14. a3 Rc8
15. Rac1 Na4 16. Qb3 Nxc3 17. bxc3 Nd5 18. Be5 Nb6 19. c4 Bxf3 20. gxf3 Nxc4
21. Bxc4 bxc4 22. Rxc4 Qb5 23. Qxb5 axb5 24. Rxc8 Rxc8 25. Rb1 f6 26. Bg3 Rc5
27. e4 g5 28. Bb8 f5 29. Ba7 Rc7 30. Be3 f4 31. Bd2 Rc2 32. Bb4 Bc5 33. Bxc5
Rxc5 34. Kg2 Kf7 35. Rb4 h5 36. a4 bxa4 37. Rxa4 Kf6 38. h3 1/2-1/2

[Event "The USA Championship 2019"]
[Site "Saint Louis USA"]
[Date "2019.03.23"]
[Round "4"]
[White "Sevian, Samuel"]
[Black "Gareyev, Timur"]
[Result "1/2-1/2"]
[WhiteElo "2642"]
[BlackElo "2557"]
[PlyCount "233"]
[EventDate "2019.03.20"]

1. e4 e5 2. Nf3 Nc6 3. Bb5 Nf6 4. O-O Nxe4 5. d4 Nd6 6. Bxc6 dxc6 7. dxe5 Nf5
8. Qxd8+ Kxd8 9. h3 Be6 10. g4 Ne7 11. Ng5 Bd5 12. Nc3 Ke8 13. f4 f6 14. Nxd5
Nxd5 15. Ne6 Kf7 16. f5 fxe5 17. c4 Nf6 18. Be3 Bd6 19. Rad1 b6 20. g5 Ne4 21.
Kg2 Rae8 22. Kf3 Nc5 23. Nxc5 bxc5 24. Ke4 Rb8 25. Rf2 a5 26. h4 h6 27. g6+ Ke7
28. h5 Rb4 29. Rc2 Rhb8 30. Rdd2 Ra4 31. a3 Rb3 32. Rd3 Rxb2 33. f6+ Kxf6 34.
Rxd6+ cxd6 35. Rxb2 d5+ 36. Kf3 Rxa3 37. Ke2 d4 38. Bd2 e4 39. Rb7 e3 40. Be1
Ra2+ 41. Kf3 Rh2 42. Rf7+ Kg5 43. Rxg7 Kxh5 44. Rg8 Rh1 45. Bxa5 Rg1 46. g7 Kg6
47. Rc8 Kxg7 48. Rc7+ Kg8 49. Rxc6 h5 50. Rxc5 h4 51. Rh5 Rc1 52. c5 h3 53. Bc7
Rf1+ 54. Ke2 Rf2+ 55. Kd3 Rd2+ 56. Ke4 e2 57. Bg3 h2 58. c6 Rc2 59. Kxd4 Rxc6
60. Rxh2 Re6 61. Rh1 Ra6 62. Re1 Ra4+ 63. Kc5 Ra2 64. Kc4 Ra4+ 65. Kb3 Rg4 66.
Bf2 Rg2 67. Rxe2 Kf7 68. Kc4 Rh2 69. Kd5 Rg2 70. Ke4 Rg4+ 71. Kf5 Rb4 72. Bc5
Rb7 73. Rh2 Rd7 74. Ke5 Rd1 75. Bd6 Rf1 76. Ra2 Rf6 77. Ra7+ Kg6 78. Be7 Rf2
79. Ra6+ Kh5 80. Bc5 Rg2 81. Kf4 Rg6 82. Ra1 Rf6+ 83. Ke4 Rg6 84. Be3 Kg4 85.
Bf4 Re6+ 86. Be5 Rg6 87. Rf1 Rg5 88. Bf6 Rg6 89. Rf4+ Kg3 90. Ke3 Kh3 91. Rf5
Rg3+ 92. Kf4 Rg4+ 93. Ke5 Rg2 94. Rh5+ Kg4 95. Rh4+ Kg3 96. Re4 Kf3 97. Rf4+
Ke3 98. Ra4 Kd3 99. Kd5 Ke2 100. Ra3 Rg4 101. Be5 Kf2 102. Bd4+ Kg2 103. Ke5
Rg3 104. Ra2+ Kf3 105. Kf5 Rh3 106. Rf2+ Kg3 107. Rf4 Rh2 108. Ke4 Rh3 109.
Rf3+ Kg2 110. Rf8 Rh4+ 111. Ke3 Rh3+ 112. Ke2 Rh4 113. Rg8+ Kh3 114. Be5 Rg4
115. Rf8 Rg2+ 116. Kf3 Rg3+ 117. Bxg3 1/2-1/2

[Event "The USA Championship 2019"]
[Site "Saint Louis USA"]
[Date "2019.03.24"]
[Round "5"]
[White "Nakamura, Hikaru"]
[Black "Caruana, Fabiano"]
[Result "1/2-1/2"]
[WhiteElo "2746"]
[BlackElo "2828"]
[PlyCount "61"]
[EventDate "2019.03.20"]

1. e4 c5 2. Nf3 Nc6 3. d4 cxd4 4. Nxd4 Nf6 5. Nc3 e5 6. Ndb5 d6 7. Bg5 a6 8.
Na3 b5 9. Nd5 Be7 10. Bxf6 Bxf6 11. c4 b4 12. Nc2 a5 13. Qf3 Be6 14. Rd1 Bxd5
15. cxd5 Na7 16. g3 Rc8 17. Ne3 O-O 18. h4 Rc5 19. Bd3 Nc8 20. O-O Qc7 21. Qe2
Nb6 22. Bb5 g6 23. a3 Bg7 24. axb4 axb4 25. Bd3 Nd7 26. Nc4 Rc8 27. Nd2 Ra5 28.
Nb3 Raa8 29. Rc1 Qb6 30. Rxc8+ Rxc8 31. Ra1 1/2-1/2

[Event "The USA Championship 2019"]
[Site "Saint Louis USA"]
[Date "2019.03.24"]
[Round "5"]
[White "Dominguez Perez, Leinier"]
[Black "Xiong, Jeffery"]
[Result "1/2-1/2"]
[WhiteElo "2739"]
[BlackElo "2663"]
[PlyCount "130"]
[EventDate "2019.03.20"]

1. e4 c5 2. Nf3 d6 3. Bb5+ Nd7 4. d4 cxd4 5. Qxd4 a6 6. Bxd7+ Bxd7 7. Nc3 e5 8.
Qd3 Rc8 9. O-O h6 10. Nd2 Qc7 11. Rd1 Bg4 12. f3 Be6 13. Nf1 Nf6 14. Ne3 Be7
15. Bd2 O-O 16. Kh1 Qc5 17. Be1 b5 18. b4 Qb6 19. a4 Bc4 20. Qd2 Rfd8 21. axb5
axb5 22. Nf5 Kf8 23. Bh4 Be6 24. Nxe7 Kxe7 25. Ra5 Qc6 26. Nxb5 Qxc2 27. Ra7+
Kf8 28. Qxc2 Rxc2 29. Bxf6 gxf6 30. Nc7 Bb3 31. Rb1 Rc8 32. h3 Ba2 33. Ra1
R8xc7 34. Rxc7 Rxc7 35. Rxa2 Rc1+ 36. Kh2 Rb1 37. Ra8+ Ke7 38. Rb8 Rb2 39. h4
Ke6 40. Re8+ Kd7 41. Rh8 Rxb4 42. Rxh6 f5 43. exf5 Rf4 44. Kg3 Rxf5 45. Kg4
Rf4+ 46. Kg5 Ke7 47. h5 Ra4 48. Rf6 e4 49. fxe4 Rxe4 50. Rf4 d5 51. Rf5 d4 52.
h6 Kf8 53. Rd5 Kg8 54. g4 Re6 55. Kh5 Kh7 56. g5 Re4 57. Rd7 Kg8 58. Rd8+ Kh7
59. Rd5 Kg8 60. Rd7 Rf4 61. Re7 Kh8 62. Re8+ Kh7 63. Rf8 Rf1 64. Rd8 Rf4 65.
Rd7 Kg8 1/2-1/2

[Event "The USA Championship 2019"]
[Site "Saint Louis USA"]
[Date "2019.03.24"]
[Round "5"]
[White "Robson, Ray"]
[Black "So, Wesley"]
[Result "1/2-1/2"]
[WhiteElo "2667"]
[BlackElo "2762"]
[PlyCount "53"]
[EventDate "2019.03.20"]

1. e4 e5 2. Nf3 Nc6 3. Bb5 Nf6 4. O-O Nxe4 5. Re1 Nd6 6. Nxe5 Be7 7. Bf1 Nxe5
8. Rxe5 O-O 9. d4 Ne8 10. d5 Bc5 11. Re1 d6 12. Nc3 Bf5 13. Bd3 Qh4 14. g3 Qh3
15. Ne4 Bxe4 16. Rxe4 Bxf2+ 17. Kxf2 Qxh2+ 18. Kf3 Qh5+ 19. g4 Qh3+ 20. Ke2
Qg2+ 21. Ke1 Nf6 22. Qe2 Qh1+ 23. Qf1 Qh4+ 24. Qf2 Qh1+ 25. Qf1 Qh4+ 26. Qf2
Qh1+ 27. Qf1 1/2-1/2

[Event "The USA Championship 2019"]
[Site "Saint Louis USA"]
[Date "2019.03.24"]
[Round "5"]
[White "Akobian, Varuzhan"]
[Black "Sevian, Samuel"]
[Result "0-1"]
[WhiteElo "2625"]
[BlackElo "2642"]
[PlyCount "68"]
[EventDate "2019.03.20"]

1. d4 Nf6 2. c4 e6 3. Nc3 Bb4 4. Qc2 O-O 5. a3 Bxc3+ 6. Qxc3 d6 7. g3 e5 8. Nf3
Nc6 9. Bg2 Ne4 10. Qe3 f5 11. b3 Qf6 12. Bb2 exd4 13. Nxd4 Bd7 14. Rb1 Qg6 15.
O-O Rae8 16. Qf4 a6 17. Rfe1 h6 18. Rbd1 Ne5 19. Nf3 Ng4 20. Rf1 Qf7 21. Nd4
Qh5 22. h3 Ngf6 23. Qf3 Qg6 24. e3 Ng5 25. Qxb7 f4 26. exf4 Nxh3+ 27. Bxh3 Bxh3
28. Rfe1 Ne4 29. Qd5+ Kh7 30. Ne2 Bf5 31. Kg2 Nc5 32. Nc3 Rxe1 33. Rxe1 Nd3 34.
Re4 Bxe4+ 0-1

[Event "The USA Championship 2019"]
[Site "Saint Louis USA"]
[Date "2019.03.24"]
[Round "5"]
[White "Shankland, Samuel"]
[Black "Lenderman, Aleksandr"]
[Result "1/2-1/2"]
[WhiteElo "2731"]
[BlackElo "2637"]
[PlyCount "63"]
[EventDate "2019.03.20"]

1. c4 e6 2. Nc3 d5 3. d4 Nf6 4. Bg5 Be7 5. e3 h6 6. Bh4 O-O 7. Rc1 dxc4 8. Bxc4
c5 9. Nf3 cxd4 10. Nxd4 Bd7 11. O-O Nc6 12. Nf3 a6 13. Be2 Nh5 14. Bxe7 Qxe7
15. Ne4 Rfd8 16. Qd6 Qxd6 17. Nxd6 Rab8 18. Rfd1 Nf6 19. Rd2 Be8 20. b3 Kf8 21.
Kf1 Ke7 22. Nxe8 Rxd2 23. Nxd2 Nxe8 24. Ne4 Nd6 25. Nc5 Ne5 26. f4 Nd7 27. Nxd7
Kxd7 28. Bf3 Rc8 29. Rxc8 Kxc8 30. Ke2 Kc7 31. Kd3 f6 32. g3 1/2-1/2

[Event "The USA Championship 2019"]
[Site "Saint Louis USA"]
[Date "2019.03.24"]
[Round "5"]
[White "Gareyev, Timur"]
[Black "Liang, Awonder"]
[Result "1-0"]
[WhiteElo "2557"]
[BlackElo "2590"]
[PlyCount "143"]
[EventDate "2019.03.20"]

1. c4 Nf6 2. Nc3 e5 3. Nf3 Nc6 4. d3 d5 5. cxd5 Nxd5 6. Bd2 Be7 7. e3 Ndb4 8.
Qb1 Bf5 9. Ne4 O-O 10. a3 Nd5 11. Be2 a5 12. Qc2 Kh8 13. Rc1 Nb6 14. Bc3 Bd6
15. O-O a4 16. Qb1 Bg6 17. Qa2 f5 18. Neg5 Qe7 19. e4 Rae8 20. exf5 Rxf5 21.
Ne4 Bf7 22. Qb1 Nd5 23. Bd2 Be6 24. Rfe1 Nf4 25. Bxf4 Rxf4 26. Bd1 Bg4 27. Nfd2
Bxd1 28. Rcxd1 Bc5 29. Nxc5 Qxc5 30. Ne4 Qb6 31. Qc2 Ref8 32. Qxa4 Qxb2 33. Rb1
Qxf2+ 34. Nxf2 Rxa4 35. Rxb7 Rxa3 36. Rxc7 Nd4 37. Ng4 Ra2 38. Nxe5 Kg8 39. h4
Ne2+ 40. Kh1 Nf4 41. Rf1 Ng6 42. Rxf8+ Kxf8 43. Nxg6+ hxg6 44. Rc4 Rd2 45. Rf4+
Kg8 46. Rd4 Kh7 47. Kh2 Kh6 48. Rd5 g5 49. hxg5+ Kg6 50. Kg3 Kh5 51. Kh3 Kg6
52. Rd7 Re2 53. g3 Rd2 54. Kg4 Rd1 55. Rd6+ Kf7 56. Rd4 Kg6 57. Rd7 Ra1 58.
Rd6+ Kf7 59. Rd4 Kg6 60. Re4 Ra5 61. Kf4 Rf5+ 62. Ke3 Rxg5 63. g4 Ra5 64. d4
Kf6 65. Kd3 g5 66. Kc4 Ra1 67. d5 Rc1+ 68. Kb5 Rb1+ 69. Kc6 Rc1+ 70. Kd7 Kf7
71. Re5 Kg6 72. Ke6 1-0

[Event "The USA Championship 2019"]
[Site "Saint Louis USA"]
[Date "2019.03.25"]
[Round "6"]
[White "So, Wesley"]
[Black "Dominguez Perez, Leinier"]
[Result "1/2-1/2"]
[WhiteElo "2762"]
[BlackElo "2739"]
[PlyCount "79"]
[EventDate "2019.03.20"]

1. e4 e5 2. Nf3 Nc6 3. Bb5 Nf6 4. d3 Bc5 5. Bxc6 dxc6 6. Nbd2 Be6 7. O-O Bd6 8.
b3 Nd7 9. Nc4 Qe7 10. a4 Bxc4 11. bxc4 a5 12. g3 O-O-O 13. Bd2 b6 14. Qe2 Nc5
15. c3 Kb7 16. Be3 Rhe8 17. Rfd1 f6 18. Nd2 Na6 19. Nb3 c5 20. f3 Nb8 21. d4
exd4 22. cxd4 cxd4 23. Rxd4 Na6 24. Rb1 Bb4 25. c5 Rxd4 26. c6+ Kxc6 27. Qxa6
Rd6 28. Bf4 Kd7 29. Rc1 Rd8 30. Kg2 Ke8 31. Bxd6 Qxd6 32. Qc4 Kf8 33. Qxc7 Qxc7
34. Rxc7 Rd3 35. Nc1 Rd1 36. Ne2 Rd2 37. Kf1 Rd1+ 38. Kg2 Rd2 39. Kf1 Rd1+ 40.
Kg2 1/2-1/2

[Event "The USA Championship 2019"]
[Site "Saint Louis USA"]
[Date "2019.03.25"]
[Round "6"]
[White "Caruana, Fabiano"]
[Black "Xiong, Jeffery"]
[Result "1-0"]
[WhiteElo "2828"]
[BlackElo "2663"]
[PlyCount "89"]
[EventDate "2019.03.20"]

1. e4 e5 2. Nf3 Nc6 3. Bb5 Nf6 4. d3 Bc5 5. Bxc6 dxc6 6. O-O Qe7 7. Nbd2 Bg4 8.
h3 Bh5 9. a3 a5 10. Nc4 Nd7 11. g4 Bg6 12. b4 Bb6 13. bxa5 Bxa5 14. Bb2 f6 15.
Nxa5 Rxa5 16. Nh4 O-O 17. Nf5 Qe6 18. Kh2 c5 19. h4 c4 20. h5 Bf7 21. Rg1 cxd3
22. cxd3 Rb5 23. Bc1 Kh8 24. Be3 Rb3 25. Rg3 c5 26. Qe2 g5 27. hxg6 Bxg6 28. a4
Qa6 29. Bh6 Rg8 30. Rag1 Qxa4 31. Ne7 Qd4 32. Qd1 c4 33. Nxg8 Kxg8 34. dxc4
Rxg3 35. Qxd4 exd4 36. Kxg3 Bxe4 37. Rd1 d3 38. f3 Bg6 39. Ra1 Kf7 40. Ra7 Nc5
41. Be3 Ke8 42. Bxc5 d2 43. Ra8+ Kd7 44. Bb6 Kc6 45. Ba5 1-0

[Event "The USA Championship 2019"]
[Site "Saint Louis USA"]
[Date "2019.03.25"]
[Round "6"]
[White "Nakamura, Hikaru"]
[Black "Gareyev, Timur"]
[Result "1-0"]
[WhiteElo "2746"]
[BlackElo "2557"]
[PlyCount "65"]
[EventDate "2019.03.20"]

1. Nf3 c5 2. g3 g6 3. c3 d5 4. Bg2 Nf6 5. d4 Nbd7 6. Ne5 Qb6 7. dxc5 Qxc5 8.
Nd3 Qc7 9. Qa4 Bg7 10. Bf4 Qd8 11. O-O O-O 12. Nd2 Nb6 13. Qb3 Bg4 14. Rfe1 Qc8
15. Qb4 Re8 16. a4 Nbd7 17. Ne5 a5 18. Qb5 Nxe5 19. Bxe5 Bd7 20. Qd3 Bc6 21.
Qd4 Qf5 22. Nf1 Rad8 23. b4 Qc8 24. Ne3 b6 25. Red1 Ba8 26. b5 h5 27. Rac1 Bf8
28. Bxf6 exf6 29. Qxb6 Re6 30. Qxa5 Bc5 31. Nxd5 Rde8 32. e3 Kg7 33. Qc7 1-0

[Event "The USA Championship 2019"]
[Site "Saint Louis USA"]
[Date "2019.03.25"]
[Round "6"]
[White "Sevian, Samuel"]
[Black "Shankland, Samuel"]
[Result "1/2-1/2"]
[WhiteElo "2642"]
[BlackElo "2731"]
[PlyCount "62"]
[EventDate "2019.03.20"]

1. e4 e5 2. Nf3 Nc6 3. Bb5 Nf6 4. O-O Nxe4 5. d4 Nd6 6. Bxc6 dxc6 7. dxe5 Nf5
8. Qxd8+ Kxd8 9. h3 Bd7 10. Rd1 Be7 11. g4 Nh4 12. Nxh4 Bxh4 13. Nc3 Kc8 14.
Kg2 Re8 15. Bf4 Be7 16. Bg3 h5 17. f3 a5 18. Ne2 a4 19. Rd2 Bb4 20. c3 Bc5 21.
Nf4 hxg4 22. hxg4 Be3 23. Rd3 Bxf4 24. Bxf4 Be6 25. a3 Ra5 26. Rad1 b6 27. Rd4
Kb7 28. R1d2 Rea8 29. Kg3 Rb5 30. Re2 Raa5 31. Kh4 Ra8 1/2-1/2

[Event "The USA Championship 2019"]
[Site "Saint Louis USA"]
[Date "2019.03.25"]
[Round "6"]
[White "Lenderman, Aleksandr"]
[Black "Robson, Ray"]
[Result "1/2-1/2"]
[WhiteElo "2637"]
[BlackElo "2667"]
[PlyCount "93"]
[EventDate "2019.03.20"]

1. Nf3 d5 2. d4 Nf6 3. c4 c6 4. cxd5 cxd5 5. Nc3 Nc6 6. Bf4 Bf5 7. e3 e6 8. Qb3
Bb4 9. Ne5 O-O 10. Nxc6 Bxc3+ 11. Qxc3 bxc6 12. Be2 Ne4 13. Qa3 g5 14. Bg3 Qb6
15. O-O a5 16. Rfc1 Rfc8 17. Bd3 Nxg3 18. hxg3 Bxd3 19. Qxd3 c5 20. dxc5 Rxc5
21. Rc2 Qb5 22. Qd1 Rac8 23. Rac1 Rxc2 24. Rxc2 Rxc2 25. Qxc2 h6 26. Qc8+ Kg7
27. Qc3+ Kg6 28. Qc2+ Kg7 29. b3 Qb4 30. Qb2+ f6 31. a3 Qe1+ 32. Kh2 e5 33. b4
axb4 34. axb4 Qd1 35. f3 d4 36. exd4 exd4 37. b5 d3 38. b6 d2 39. b7 Qc1 40.
b8=Q Qxb2 41. Qxb2 d1=Q 42. Qb7+ Kg6 43. Qe4+ Kg7 44. Qe7+ Kg6 45. Qe8+ Kg7 46.
Qe7+ Kg6 47. Qe8+ 1/2-1/2

[Event "The USA Championship 2019"]
[Site "Saint Louis USA"]
[Date "2019.03.25"]
[Round "6"]
[White "Liang, Awonder"]
[Black "Akobian, Varuzhan"]
[Result "1-0"]
[WhiteElo "2590"]
[BlackElo "2625"]
[PlyCount "99"]
[EventDate "2019.03.20"]

1. e4 e6 2. d4 d5 3. Nc3 Bb4 4. e5 c5 5. a3 Bxc3+ 6. bxc3 Ne7 7. Qg4 cxd4 8.
Bd3 Qc7 9. Ne2 dxc3 10. Qxg7 Rg8 11. Qxh7 Nbc6 12. Bf4 Bd7 13. Bg3 Nxe5 14. O-O
O-O-O 15. Qh4 N5g6 16. Bxc7 Nxh4 17. Bxd8 Rxg2+ 18. Kh1 Kxd8 19. Rab1 e5 20.
Rxb7 Bc6 21. Rb8+ Kc7 22. Rh8 d4 23. f3 Neg6 24. Bxg6 Nxg6 25. Kxg2 Nxh8 26. h4
f6 27. Kf2 Kd6 28. h5 Ba4 29. Rg1 Nf7 30. Rb1 Bxc2 31. Rb7 Nh6 32. Rxa7 Bb3 33.
a4 Bc4 34. a5 c2 35. Nc1 f5 36. Rh7 Ng8 37. h6 e4 38. fxe4 fxe4 39. Rd7+ Kxd7
40. h7 e3+ 41. Kf3 e2 42. Kf2 Nf6 43. h8=Q Ke7 44. Qh4 d3 45. Qxc4 d2 46. Qxe2+
Kf8 47. Qxd2 Ne4+ 48. Ke2 Nxd2 49. Kxd2 Ke7 50. a6 1-0

[Event "The USA Championship 2019"]
[Site "Saint Louis USA"]
[Date "2019.03.27"]
[Round "7"]
[White "Akobian, Varuzhan"]
[Black "Nakamura, Hikaru"]
[Result "0-1"]
[WhiteElo "2625"]
[BlackElo "2746"]
[PlyCount "94"]
[EventDate "2019.03.20"]

1. d4 d6 2. Nf3 g6 3. c4 Bg7 4. Nc3 Nc6 5. d5 Ne5 6. Nxe5 Bxe5 7. e4 Nf6 8. Bd3
O-O 9. O-O e6 10. h3 exd5 11. cxd5 Nh5 12. f4 Bd4+ 13. Kh2 Qh4 14. Qe1 Qxe1 15.
Rxe1 Bf2 16. Rf1 Bg3+ 17. Kg1 f5 18. Rf3 Bxf4 19. Bxf4 fxe4 20. Bxe4 Nxf4 21.
Raf1 g5 22. h4 Bg4 23. Rg3 h5 24. hxg5 Rae8 25. Bf3 Re5 26. Bxg4 hxg4 27. Rxg4
Nxd5 28. Nxd5 Rxf1+ 29. Kxf1 Rxd5 30. Ke2 Kg7 31. Rc4 c6 32. Re4 Kg6 33. Re7
Rb5 34. b3 Kxg5 35. Rd7 d5 36. Kd3 Kf6 37. Kc3 a5 38. Rc7 Ke6 39. a3 d4+ 40.
Kc4 d3 41. Kc3 d2 42. Kxd2 Rxb3 43. g4 a4 44. g5 Kd6 45. Rf7 b5 46. g6 Rxa3 47.
g7 Rg3 0-1